000 01077nam a22002657a 4500
005 20240530110414.0
008 150225s2011 ua g | 000 0 ara d
017 _a2010/8774
_bمصر . دار الكتاب المصرية
020 _a978977350299x
040 _aEG-CaGPL
041 0 _aara
082 0 4 _221
_a953.04\
_bم ت
100 0 _aمحمد حسن العيدروس
245 1 0 _aتطور الحياة الاجتماعية و الاقتصادية و الفكرية فى العصر العباسى /
_cمحمد حسن العيدروس
250 _aط1
260 _aالقاهرة :
_bدار الكتاب الحديث ،
_c2011
300 _a297 ص ؛
_c24 سم
650 0 4 _aالدولة العباسية
_xتاريخ
650 0 4 _aالدولة العباسية
_xعصر الضعف
650 0 4 _aالدولة العباسية
_xمقاومة داخلية
650 0 4 _aالدولة العباسية
_xتاسيس
650 0 4 _aالدولة العباسية
_xالاحوال السياسية
942 _2ddc
_cBK
999 _c60516
_d60516